foods and drinks - Statistics

General Stats
  • This quiz has been taken 539 times
  • The average score is 6 of 15
Answer Stats
Hint Answer % Correct
cluck cluck chicken
71%
golden potato sticks chips
65%
orange liquid orange juice
55%
melts on your tongue chocolate
54%
warm and chocolatey hot chocolate
52%
brown and fizzy coke
51%
battered sea creatures fish
48%
used as a chart pie
46%
healthy fruit
37%
junk food burger
35%
flavoured milk milkshake
33%
liquid and veg soup
24%
warm and sugary tea
24%
sugary beautys sweets
22%
purple liquid blackcurrant
12%
No matching quizzes found
Score Distribution
Percent of People with Each Score
Percentile by Number Answered
Your Score History
You have not taken this quiz